India 's national security : (Record no. 37120)

MARC details
000 -LEADER
fixed length control field 01122nam a22002417a 4500
005 - DATE AND TIME OF LATEST TRANSACTION
control field 20100720151749.0
008 - FIXED-LENGTH DATA ELEMENTS--GENERAL INFORMATION
fixed length control field 100720t xxu||||| |||| 00| 0 eng d
010 ## - LCCN (DPL NO)
LC control number ENG -96436
020 ## - INTERNATIONAL STANDARD BOOK NUMBER
International Standard Book Number 9780415571418
Terms of availability 895.00
035 ## - SYSTEM CONTROL NUMBER
System control number EN -79969
037 ## - SOURCE OF ACQUISITION
Source of stock number/acquisition DBAD/PUB
040 ## - CATALOGING SOURCE
Original cataloging agency dpl
Language of cataloging English
082 ## - DEWEY DECIMAL CLASSIFICATION NUMBER
Classification number 355.033054
245 ## - TITLE STATEMENT
Title India 's national security :
Statement of responsibility, etc edited by Satish kumar
Remainder of title annual review 2009 /
260 ## - PUBLICATION, DISTRIBUTION, ETC. (IMPRINT)
Place of publication, distribution, etc New Delhi
Name of publisher, distributor, etc Routledge
Date of publication, distribution, etc 2010
270 ## - ADDRESS
Address 912 Tolstoy House, 15-17 Tolstoy Marg,
City New Delhi
Postal code 110002
300 ## - PHYSICAL DESCRIPTION
Extent xviii, 490 p.
Dimensions 22 cm (Hbk)
500 ## - GENERAL NOTE
General note includes indexes
520 ## - SUMMARY, ETC.
Summary, etc Collects stories from boys and girls between the ages of nine and thirteen, discussing such topics as friendship, embarrassing situations, family life, popularity, and making a difference.
942 ## - ADDED ENTRY ELEMENTS (KOHA)
Source of classification or shelving scheme Dewey Decimal Classification
Item type English Books
Call number suffix KUM
Classification part 355.033054
Holdings
Withdrawn status Lost status Source of classification or shelving scheme Damaged status Not for loan Collection code Home library Current library Date acquired Source of acquisition Cost, normal purchase price Total Checkouts Full call number Barcode Date last seen Copy number Cost, replacement price Koha item type
    Dewey Decimal Classification   Not For Loan Non-fiction D.B.Act.Division D.B.Act.Division 20/07/2010 DBAD / PUB 895.00   355.033054 KUM EN-79969 20/07/2010 1 895.00 English Books

© Delhi Public Library
Hit Counter
free hit counter